Изкуствен интелект (Запис номер 511700)
[ съкратено ]
| 000 -Лидер | |
|---|---|
| Лидер | 01203nam a2200277 a 4500 |
| 003 - Код на организацията, давaща контролен номер | |
| Код на организацията, даваща контролен номер | BLK |
| 005 - Дата и час на последна редакция | |
| Дата и час на последна редакция | 20250117160333.0 |
| 008 - Елементи от данни с фиксирана дължина | |
| Елементи с фиксирана дължина | 240607b bu |||||r|||| 00| | bu d |
| 020 ## - Международен стандартен номер на книга ISBN | |
| ISBN | 9786191953684 |
| 040 ## - Източник на каталожния запис | |
| Код на библиотеката | BLK |
| 041 ## - Код за език | |
| Език | Български |
| Език за КДБФ | Български |
| 080 ## - УДК | |
| УДК текст | Изкуствен интелект |
| УДК код | 004.8 |
| УДК – код + определител | 004.8 |
| 9 (RLIN) | 231509 |
| 245 ## - Сведения за заглавието | |
| Заглавие | Изкуствен интелект |
| Подзаглавни данни | фактите накратко |
| Авторска отговорност | прев. от англ. Камен Велчев |
| 260 ## - Област на издателските данни | |
| 9 (RLIN) | 214104 |
| Място на издаване | София |
| Име на издателя | Книгомания |
| Година на издаване | 2024 |
| Печатница | отпеч. в Словакия |
| Издателство - префикс ISBN | 978-619-195- ; 978-954-8432- ; 978-954-9817- ; 954-90578- |
| 300 ## - Физическа характеристика | |
| Брой страници | 160 с. : |
| Илюстрации | с цв. ил., сх. |
| Размер | 22 см |
| 380 ## - Жанр | |
| Жанр | Общ отдел |
| 500 ## - Общи забележки | |
| Обща забележка | Ориг. загл., установено от доп. източник: Simply artificial intelligence. - Азб. показалец |
| 650 #0 - Допълнително описание по предмет – тема | |
| 9 (RLIN) | 242389 |
| Предметна рубрика | Интелект, изкуствен |
| 700 ## - Други автори (авторска отговорност) | |
| 9 (RLIN) | 333727 |
| Друг автор | Велчев, Камен Петков |
| 852 ## - Местоположение | |
| Сигнатура (форматна) | Цб 323049 |
| Отдел | Хранилище |
| 856 ## - Електронен адрес и достъп | |
| Инструкция (цена за достъп) | 0.00 |
| Права за достъп | disable |
| 942 ## - АРТИКУЛИ | |
| Вид на библиотечния документ | Книги |
| Скрит в OPAC | Не |
| Периодичен библиозапис | Да |
| Koha issues (borrowed), all copies | 1 |
| 944 ## - СЪЗДАВАНЕ И РЕДАКЦИЯ на ЗАПИСА | |
| Дата на регистрацията/редакция | Геновева Генчева |
| Служител, извършил регистрацията/редакцията | 30535 |
| Номер на служител | Христина Везирева |
| 999 ## - СИСТЕМНИ КОНТРОЛНИ НОМЕРА | |
| Koha biblionumber | 511700 |
| Koha biblioitemnumber | 511700 |
| 999 ## - СИСТЕМНИ КОНТРОЛНИ НОМЕРА | |
| Koha biblioitemnumber | 511700 |
| Код за отписване | Код за изгубен артикул | Източник на класификационната схема | Код за повреда | Коз за рестрикции | Код за отдаване | Артикулен № | Име на библиотеката - собственик | Име на библиотеката, в която се намира в момента | Статус (Текущо местоположение) | Дата на вписване в системата | Местоположение - отдел | Цена в лева | Инвентарен номер | Систематично азбучна сигнатура | Баркод | Цена в евро | Служебен тип на артикула |
|---|---|---|---|---|---|---|---|---|---|---|---|---|---|---|---|---|---|
| Не е изгубен | Universal Decimal Classification | Не е повреден | само за читалня | ползва се в читалня | 943751 | Регионална библиотека "Любен Каравелов" Русе | Регионална библиотека "Любен Каравелов" Русе | Хранилище | 2024-06-11 | Хранилище | 22.00 | 120000908861 | Цб 323049 | 120000908861 | 11.25 | Книги |